[Event "Sebes Romanian Rapid op"]
[Site "Sebes"]
[Date "2022.12.02"]
[Round "4"]
[White "Baratosi, Daniel"]
[Black "Filip, Lucian Ioan"]
[Result "0-1"]
[WhiteElo "2335"]
[BlackElo "2372"]
[PlyCount "48"]
[EventDate "2022.12.02"]
[EventType "swiss (rapid)"]
[EventRounds "8"]
[EventCountry "ROU"]
[SourceTitle "CBM 211 Extra"]
[Source "ChessBase"]
[SourceDate "2023.01.31"]
[SourceVersion "1"]
[SourceVersionDate "2023.01.31"]
[SourceQuality "1"]

1. e4 c5 2. Nf3 e6 3. d4 cxd4 4. Nxd4 Nc6 5. Nc3 Qc7 6. g3 a6 7. Bg2 Nf6 8. 0-0 Nxd4 9. Qxd4 Bc5 10. Bf4 d6 11. Qd3 Nd7 12. Rad1 Ne5 13. Qe2 0-0 14. Be3 b5 15. Bxc5 Qxc5 16. Kh1 Bb7 17. Nb1 b4 18. c3 a5 19. Rfe1 Ba6 20. Qc2 Rac8 21. h3 Rfd8 22. f4 Nc4 23. Qc1 a4 24. cxb4 Qxb4 0-1

[Event "Sebes Romanian Rapid op"]
[Site "Sebes"]
[Date "2022.12.02"]
[Round "1"]
[White "Roncea, Radu"]
[Black "Baratosi, Daniel"]
[Result "0-1"]
[WhiteElo "1600"]
[BlackElo "2335"]
[PlyCount "52"]
[EventDate "2022.12.02"]
[EventType "swiss (rapid)"]
[EventRounds "8"]
[EventCountry "ROU"]
[SourceTitle "CBM 211 Extra"]
[Source "ChessBase"]
[SourceDate "2023.01.31"]
[SourceVersion "1"]
[SourceVersionDate "2023.01.31"]
[SourceQuality "1"]

1. d4 Nf6 2. Nf3 g6 3. Nbd2 Bg7 4. c3 d6 5. e4 0-0 6. Be2 c5 7. 0-0 Qc7 8. dxc5 dxc5 9. Nc4 Nc6 10. Qc2 b5 11. Ne3 Rb8 12. Rb1 e6 13. a3 Nh5 14. Rd1 a6 15. b3 Bb7 16. Bb2 Rbd8 17. c4 Nd4 18. Nxd4 cxd4 19. Bxd4 Rxd4 20. Rxd4 Bxd4 21. Nf1 Nf4 22. Bf3 f5 23. Ng3 Qc5 24. Rc1 Bxf2+ 25. Kf1 Bxg3 26. hxg3 fxe4 0-1

[Event "ROM-ch"]
[Site "Iasi"]
[Date "2021.04.19"]
[Round "1"]
[White "Baratosi, Daniel"]
[Black "Nechita, Vlad Mihai"]
[Result "1-0"]
[WhiteElo "2355"]
[BlackElo "1893"]
[PlyCount "53"]
[EventDate "2021.04.19"]
[EventType "swiss"]
[EventRounds "9"]
[EventCountry "ROU"]
[SourceTitle "CBM 202 Extra"]
[Source "ChessBase"]
[SourceDate "2021.07.31"]
[SourceVersion "1"]
[SourceVersionDate "2021.07.31"]
[SourceQuality "1"]

1. e4 c6 2. d4 d5 3. e5 Bf5 4. h4 h5 5. Bg5 Qb6 6. Bd3 Bxd3 7. Qxd3 e6 8. Nd2 Ne7 9. Ngf3 Nf5 10. 0-0 c5 11. c4 Qa6 12. dxc5 Nc6 13. a3 Bxc5 14. b4 dxc4 15. Qb1 c3 16. Ne4 c2 17. Qxc2 Bd4 18. Rab1 b5 19. Nd6+ Nxd6 20. exd6 f6 21. Qg6+ Kf8 22. Nxd4 Nxd4 23. Bxf6 Nf5 24. Be7+ Nxe7 25. dxe7+ Kxe7 26. Qxg7+ Kd6 27. Rfd1+ 1-0

[Event "Titled Tuesday intern op 9th June"]
[Site "Chess.com INT"]
[Date "2020.06.09"]
[Round "5"]
[White "Baratosi, Daniel"]
[Black "Musovic, Armin"]
[Result "0-1"]
[WhiteElo "2360"]
[BlackElo "2219"]
[PlyCount "68"]
[EventDate "2020.06.09"]
[EventType "swiss (blitz)"]
[EventRounds "10"]
[EventCountry "USA"]
[SourceTitle "CBM 196 Extra"]
[Source "ChessBase"]
[SourceDate "2020.07.31"]
[SourceVersion "1"]
[SourceVersionDate "2020.07.31"]
[SourceQuality "1"]

1. e4 c6 2. d4 d5 3. Nc3 dxe4 4. Nxe4 Nf6 5. Qd3 Nxe4 6. Qxe4 Nd7 7. Nf3 Nf6 8. Qe2 Bg4 9. c3 Bh5 10. g3 e6 11. Bg2 Be7 12. 0-0 0-0 13. Bf4 Nd5 14. Bd2 Re8 15. Rfe1 Qc7 16. Qc4 Rad8 17. Ne5 Bd6 18. b4 b5 19. Qf1 f6 20. Nd3 Nb6 21. Bf4 Bxf4 22. Nxf4 Bf7 23. Nd3 Nc4 24. Nc5 e5 25. dxe5 Nd2 26. Qe2 Rxe5 27. Qg4 Rg5 28. Ne6 Qd7 29. Qe2 Re5 30. Nxd8 Rxe2 31. Rxe2 Qxd8 32. Bxc6 Nc4 33. Rae1 Kf8 34. f4 Qb6+ 0-1

[Event "Titled Tuesday intern op 9th June"]
[Site "Chess.com INT"]
[Date "2020.06.09"]
[Round "9"]
[White "Soltanici, Ruslan"]
[Black "Baratosi, Daniel"]
[Result "1-0"]
[WhiteElo "2410"]
[BlackElo "2360"]
[PlyCount "105"]
[EventDate "2020.06.09"]
[EventType "swiss (blitz)"]
[EventRounds "10"]
[EventCountry "USA"]
[SourceTitle "CBM 196 Extra"]
[Source "ChessBase"]
[SourceDate "2020.07.31"]
[SourceVersion "1"]
[SourceVersionDate "2020.07.31"]
[SourceQuality "1"]

1. e4 e5 2. Nf3 Nc6 3. Bb5 a6 4. Ba4 Nf6 5. 0-0 Be7 6. d3 d6 7. c3 0-0 8. Re1 b5 9. Bb3 Re8 10. Nbd2 Bb7 11. Nf1 Bf8 12. Ng3 Na5 13. Bc2 c5 14. a3 Nc6 15. Bg5 h6 16. Bxf6 Qxf6 17. Bb3 Ne7 18. Nf1 Ng6 19. Ne3 Nf4 20. a4 c4 21. Bc2 cxd3 22. Bxd3 Qg6 23. Nh4 Qg5 24. Nf3 Qg6 25. Nh4 Qg5 26. Nf3 Qh5 27. Nf5 g6 28. Ng3 Qg4 29. axb5 axb5 30. Rxa8 Rxa8 31. Bxb5 h5 32. h3 Qc8 33. Bf1 Qc5 34. Ne2 Bh6 35. Nxf4 Bxf4 36. Qb3 Bc6 37. Qc4 Kg7 38. Qxc5 dxc5 39. Bc4 Rb8 40. b3 f5 41. exf5 Bxf3 42. gxf3 gxf5 43. Rd1 e4 44. fxe4 fxe4 45. Rd5 Kf6 46. Rxh5 Bd2 47. Kf1 Bxc3 48. Rxc5 Bd4 49. Rc6+ Kg5 50. Rd6 Bc3 51. Rd5+ Kf4 52. Rh5 Ra8 53. Kg2 1-0

[Event "Satu Mare Szabo Memorial"]
[Site "Satu Mare"]
[Date "2019.08.06"]
[Round "6"]
[White "Baratosi, Daniel"]
[Black "Ionescu, Mihai"]
[Result "1-0"]
[WhiteElo "2355"]
[BlackElo "2285"]
[PlyCount "33"]
[EventDate "2019.08.02"]
[EventType "swiss"]
[EventRounds "9"]
[EventCountry "ROU"]
[SourceTitle "CBM 191 Extra"]
[Source "ChessBase"]
[SourceDate "2019.09.30"]
[SourceVersion "1"]
[SourceVersionDate "2019.09.30"]
[SourceQuality "1"]

1. e4 e5 2. Nf3 Nf6 3. Nc3 Nc6 4. a3 d5 5. Bb5 dxe4 6. Nxe5 Qd6 7. d4 exd3 8. 0-0 Bd7 9. Bf4 dxc2 10. Qf3 Nxe5 11. Bxe5 Qxe5 12. Rae1 Qxe1 13. Rxe1+ Be7 14. Bxd7+ Kxd7 15. Qf5+ Kd8 16. Qxc2 Bd6 17. Qb3 1-0

[Event "Jupiter Fisca op"]
[Site "Jupiter"]
[Date "2019.06.27"]
[Round "7"]
[White "Baratosi, Daniel"]
[Black "Tomici, Stefan"]
[Result "1/2-1/2"]
[WhiteElo "2355"]
[BlackElo "2329"]
[PlyCount "26"]
[EventDate "2019.06.22"]
[EventType "swiss"]
[EventRounds "9"]
[EventCountry "ROU"]
[SourceTitle "CBM 191 Extra"]
[Source "ChessBase"]
[SourceDate "2019.09.30"]
[SourceVersion "1"]
[SourceVersionDate "2019.09.30"]
[SourceQuality "1"]

1. e4 e5 2. Nf3 Nc6 3. Bb5 Nf6 4. 0-0 Nxe4 5. Re1 Nd6 6. Nxe5 Be7 7. Bf1 Nxe5 8. Rxe5 0-0 9. d4 Bf6 10. Re2 b6 11. Re1 Re8 12. Bf4 Rxe1 13. Qxe1 Qe7 1/2-1/2

[Event "Jupiter Fisca op"]
[Site "Jupiter"]
[Date "2019.06.24"]
[Round "4"]
[White "Antonica, Dragos Andrei"]
[Black "Baratosi, Daniel"]
[Result "1/2-1/2"]
[WhiteElo "2124"]
[BlackElo "2355"]
[PlyCount "55"]
[EventDate "2019.06.22"]
[EventType "swiss"]
[EventRounds "9"]
[EventCountry "ROU"]
[SourceTitle "CBM 191 Extra"]
[Source "ChessBase"]
[SourceDate "2019.09.30"]
[SourceVersion "1"]
[SourceVersionDate "2019.09.30"]
[SourceQuality "1"]

1. d4 e6 2. e4 d5 3. exd5 exd5 4. Bf4 Bd6 5. Qd2 Qe7+ 6. Be2 Bxf4 7. Qxf4 Qb4+ 8. Nc3 Qxb2 9. Qe3+ Ne7 10. Rb1 Qa3 11. Nxd5 Qxe3 12. Nxe3 0-0 13. Bf3 Nbc6 14. Ne2 b6 15. 0-0 Bb7 16. c4 Rad8 17. Rfd1 Na5 18. d5 Ng6 19. Nd4 Ne5 20. Be2 c6 21. Nb3 Nxb3 22. axb3 Rfe8 23. b4 cxd5 24. cxd5 a6 25. Ra1 b5 26. Rac1 g6 27. Rc3 Rd6 28. Rc7 1/2-1/2

[Event "ROM-chT"]
[Site "Sovata"]
[Date "2018.11.26"]
[Round "3.1"]
[White "Baratosi, Daniel"]
[Black "Gavrilescu, David"]
[Result "0-1"]
[WhiteElo "2373"]
[BlackElo "2481"]
[PlyCount "66"]
[EventDate "2018.11.24"]
[EventType "team-tourn"]
[EventRounds "9"]
[EventCountry "ROU"]
[SourceTitle "CBM 187 Extra"]
[Source "ChessBase"]
[SourceDate "2018.11.04"]
[SourceVersion "1"]
[SourceVersionDate "2018.11.04"]
[SourceQuality "1"]
[WhiteTeam "Arad Vados"]
[BlackTeam "Timisoara Vest Univ"]
[WhiteTeamCountry "ROU"]
[BlackTeamCountry "ROU"]

1. Nf3 d5 2. g3 c5 3. Bg2 g6 4. 0-0 Bg7 5. c4 d4 6. d3 Nc6 7. Na3 Nf6 8. Nc2 0-0 9. e3 a5 10. exd4 cxd4 11. Re1 Nd7 12. b3 Re8 13. Ba3 Qb6 14. Qd2 h6 15. Re4 Nc5 16. Rh4 e5 17. Re1 Bf5 18. g4 Bd7 19. h3 Rad8 20. Rxh6 Nb4 21. Nxb4 axb4 22. Bc1 e4 23. dxe4 Nxe4 24. Qf4 Nc3 25. Rxe8+ Rxe8 26. Bf1 Ne2+ 27. Bxe2 Rxe2 28. Rh4 d3 29. Be3 Qd8 30. Qd6 Rxa2 31. Bg5 Qe8 32. Bf6 Qe2 33. Qb8+ Be8 0-1

[Event "HUN-chT2 Maroczy 1819"]
[Site "Hungary"]
[Date "2018.11.18"]
[Round "4.1"]
[White "Nomin Erdene, Davaademberel"]
[Black "Baratosi, Daniel"]
[Result "0-1"]
[WhiteElo "2377"]
[BlackElo "2375"]
[PlyCount "56"]
[EventDate "2018.09.23"]
[EventType "team-tourn"]
[EventRounds "11"]
[EventCountry "HUN"]
[SourceTitle "EXT 2020"]
[Source "ChessBase"]
[SourceDate "2019.10.17"]
[SourceVersion "1"]
[SourceVersionDate "2019.10.17"]
[SourceQuality "1"]
[WhiteTeam "Debrecen Kwizda"]
[BlackTeam "Szigetszentmiklos"]
[WhiteTeamCountry "HUN"]
[BlackTeamCountry "HUN"]

1. e4 e5 2. Nf3 Nc6 3. Bb5 Nge7 4. c3 d5 5. Nxe5 dxe4 6. Qe2 Qd5 7. Nxc6 Nxc6 8. f3 Bf5 9. 0-0 0-0-0 10. fxe4 Bxe4 11. Bc4 Qc5+ 12. Kh1 Bxg2+ 13. Qxg2 Qxc4 14. d4 Bd6 15. Nd2 Qd3 16. Qxg7 Rhg8 17. Qf6 Rde8 18. Qf5+ Qxf5 19. Rxf5 Re1+ 20. Rf1 Re2 21. Nf3 Rgg2 22. b4 Ne7 23. Be3 Nd5 24. Bg1 Nxc3 25. a3 Ne4 26. Rae1 f6 27. d5 Kd7 28. Nd4 Rxg1+ 0-1

[Event "Tasnad op"]
[Site "Tasnad"]
[Date "2018.09.16"]
[Round "9"]
[White "Omelja, Artem"]
[Black "Baratosi, Daniel"]
[Result "1-0"]
[WhiteElo "2437"]
[BlackElo "2375"]
[PlyCount "119"]
[EventDate "2018.09.11"]
[EventType "swiss"]
[EventRounds "9"]
[EventCountry "ROU"]
[SourceTitle "CBM 186 Extra"]
[Source "ChessBase"]
[SourceDate "2018.08.24"]
[SourceVersion "1"]
[SourceVersionDate "2018.08.24"]
[SourceQuality "1"]

1. d4 Nf6 2. c4 e6 3. Nf3 d5 4. Nc3 Bb4 5. Qa4+ Nc6 6. e3 0-0 7. Qc2 Ne4 8. Bd3 f5 9. 0-0 Rf6 10. cxd5 exd5 11. Nxd5 Rh6 12. Bxe4 fxe4 13. Qxe4 Bd6 14. Ne5 Qe8 15. h3 Bxe5 16. dxe5 Qh5 17. Nf4 Qxe5 18. Qxe5 Nxe5 19. e4 Rc6 20. b3 Rc2 21. f3 Bd7 22. Rf2 Rxf2 23. Kxf2 Rf8 24. h4 Bc6 25. Kg3 Rd8 26. Bb2 Nf7 27. Nh5 Rd6 28. Rf1 Nd8 29. Nf4 Rd7 30. Rf2 Kf7 31. Rc2 Ne6 32. Nxe6 Kxe6 33. h5 g6 34. hxg6 hxg6 35. Kf4 a5 36. Kg5 Kf7 37. Be5 a4 38. bxa4 Bxa4 39. Rxc7 Rxc7 40. Bxc7 Bc2 41. Bb6 Bd1 42. Kf4 Ke6 43. Ke3 Ke5 44. Bc7+ Ke6 45. Kd2 Ba4 46. f4 Bd7 47. g4 b5 48. Ke3 Kf7 49. f5 Bc8 50. a3 Bd7 51. Kf4 Bc6 52. Bd8 Bb7 53. Bh4 Ba8 54. Bg3 Bb7 55. e5 gxf5 56. gxf5 Bd5 57. e6+ Bxe6 58. fxe6+ Kxe6 59. Ke4 Kd7 60. Kd5 1-0

[Event "Tasnad op"]
[Site "Tasnad"]
[Date "2018.09.14"]
[Round "6"]
[White "Istratescu, Andrei"]
[Black "Baratosi, Daniel"]
[Result "1-0"]
[WhiteElo "2563"]
[BlackElo "2375"]
[PlyCount "94"]
[EventDate "2018.09.11"]
[EventType "swiss"]
[EventRounds "9"]
[EventCountry "ROU"]
[SourceTitle "CBM 186 Extra"]
[Source "ChessBase"]
[SourceDate "2018.08.24"]
[SourceVersion "1"]
[SourceVersionDate "2018.08.24"]
[SourceQuality "1"]

1. d4 e6 2. e4 d5 3. Nc3 h6 4. Bd3 Nc6 5. Nf3 Nb4 6. Be2 dxe4 7. Nxe4 Nf6 8. Nxf6+ Qxf6 9. 0-0 Bd6 10. c4 0-0 11. Bd2 c5 12. dxc5 Bxc5 13. a3 Nc6 14. Bc3 Qf4 15. b4 Be7 16. Bd3 Rd8 17. Qe2 Bf6 18. g3 Qg4 19. Bxf6 gxf6 20. Rfd1 Bd7 21. Qe3 Qg7 22. Ra2 Be8 23. Rad2 f5 24. Be2 b6 25. Kg2 Qf6 26. c5 f4 27. Qxf4 Qxf4 28. gxf4 bxc5 29. bxc5 Rxd2 30. Rxd2 Rc8 31. Ba6 Rc7 32. Bb5 Kf8 33. f5 Ke7 34. fxe6 fxe6 35. Kg3 Nd8 36. Bxe8 Kxe8 37. Rc2 Nc6 38. Rc4 Kf7 39. Kf4 Kf6 40. Nd2 e5+ 41. Ke3 Ne7 42. Ke4 Ke6 43. Ra4 Rxc5 44. Rxa7 Nc8 45. Ra6+ Nd6+ 46. Ke3 Rc3+ 47. Ke2 Kd5 1-0

[Event "Tasnad op"]
[Site "Tasnad"]
[Date "2018.09.13"]
[Round "4"]
[White "Baratosi, Daniel"]
[Black "Costachi, Mihnea"]
[Result "1/2-1/2"]
[WhiteElo "2375"]
[BlackElo "2471"]
[PlyCount "30"]
[EventDate "2018.09.11"]
[EventType "swiss"]
[EventRounds "9"]
[EventCountry "ROU"]
[SourceTitle "CBM 186 Extra"]
[Source "ChessBase"]
[SourceDate "2018.08.24"]
[SourceVersion "1"]
[SourceVersionDate "2018.08.24"]
[SourceQuality "1"]

1. e4 e5 2. Nf3 Nc6 3. Nc3 Nf6 4. Be2 Bb4 5. Nd5 Ba5 6. 0-0 0-0 7. c3 d6 8. b4 Bb6 9. a4 Nxe4 10. a5 Nxf2 11. Qb3 Nh3+ 12. Kh1 Nf2+ 13. Kg1 Nh3+ 14. Kh1 Nf2+ 15. Kg1 Nh3+ 1/2-1/2

[Event "Arad op 11th"]
[Site "Arad"]
[Date "2018.08.09"]
[Round "6"]
[White "Baratosi, Daniel"]
[Black "Weinzettl, Ernst"]
[Result "1/2-1/2"]
[WhiteElo "2371"]
[BlackElo "2215"]
[PlyCount "62"]
[EventDate "2018.08.05"]
[EventType "swiss"]
[EventRounds "9"]
[EventCountry "ROU"]
[SourceTitle "CBM 185 Extra"]
[Source "ChessBase"]
[SourceDate "2018.07.29"]
[SourceVersion "1"]
[SourceVersionDate "2018.07.29"]
[SourceQuality "1"]

1. e4 e6 2. d4 d5 3. Nc3 Bb4 4. e5 Ne7 5. Qg4 Nf5 6. Nf3 c5 7. dxc5 Bxc3+ 8. bxc3 h5 9. Qf4 Qa5 10. Bd2 Nd7 11. c4 Qa4 12. cxd5 Qxf4 13. Bxf4 exd5 14. Rd1 Nxc5 15. Rxd5 b6 16. Bb5+ Bd7 17. Bxd7+ Nxd7 18. 0-0 Nc5 19. h3 Rc8 20. Bg5 Ne6 21. Rfd1 0-0 22. g4 hxg4 23. hxg4 Nh6 24. Bxh6 gxh6 25. R1d2 Rc4 26. Nd4 Re8 27. c3 Nc7 28. Rd6 Rxe5 29. Rxh6 Nb5 30. Kg2 Nxd4 31. cxd4 Rd5 1/2-1/2